000 00654nam a2200253Ia 4500
003 OSt
005 20221007082215.0
006 a|||||r|||| 00| 0
007 ta
008 221006b |||||||| |||| 00| 0 eng d
024 _a10,959
037 _cReference Collections
040 _aFLL
_cFLL
_beng
041 _2eng
_aeng
082 _aXM55:Z2t:N50, J1.1
110 _aGovt. of india
245 0 _aReport of the company law committee 1950-51
260 _c1952
300 _a293p
_ccm.
490 _vVol.1
700 _aGovt. of india
942 _hXM55:Z2t:N50, J1.1
_cREF
_2CC
999 _c1165673
_d1165673